[Event "Budapest Rigochess10 IM"]
[Site "Budapest"]
[Date "2020.10.16"]
[Round "1"]
[White "Kahn, Evarth"]
[Black "Issa, Rafat"]
[Result "0-1"]
[WhiteElo "2205"]
[BlackElo "2367"]
[PlyCount "82"]
[EventDate "2020.10.16"]
[EventType "tourn"]
[EventRounds "9"]
[EventCountry "HUN"]
[EventCategory "1"]
[SourceTitle "EXT 2022"]
[Source "ChessBase"]
[SourceDate "2021.10.06"]
[SourceVersion "1"]
[SourceVersionDate "2021.10.06"]
[SourceQuality "1"]

1. e4 c5 2. Nf3 d6 3. Bb5+ Bd7 4. Bxd7+ Qxd7 5. 0-0 Nc6 6. d4 cxd4 7. Nxd4 Nf6 8. Nc3 g6 9. Nd5 Bg7 10. Nxc6 bxc6 11. Nxf6+ Bxf6 12. Bh6 g5 13. f4 gxf4 14. Bxf4 Qe6 15. c3 0-0 16. Qf3 Kh8 17. Rad1 Be5 18. Bxe5+ Qxe5 19. Qd3 Qe6 20. Rf5 Rg8 21. Rdf1 f6 22. c4 Rg4 23. R1f4 Rag8 24. g3 Rxf4 25. Rxf4 Qe5 26. Rh4 Rg7 27. Qe3 a5 28. Qb6 c5 29. Qxa5 Qd4+ 30. Kg2 Qxb2+ 31. Kh3 Qe2 32. Rf4 Qxc4 33. a4 Rg8 34. Qe1 Qxa4 35. e5 Qd7+ 36. e6 Qc6 37. Rh4 Qd5 38. Qe2 Qf5+ 39. Kg2 d5 40. Rh5 Rg5 41. Qb5 Qc2+ 0-1

[Event "Balatonlelle Benko Memorial IM"]
[Site "Balatonlelle"]
[Date "2020.09.07"]
[Round "9"]
[White "Issa, Rafat"]
[Black "Vanczak, Tamas"]
[Result "1/2-1/2"]
[WhiteElo "2363"]
[BlackElo "2339"]
[PlyCount "92"]
[EventDate "2020.08.31"]
[EventType "tourn"]
[EventRounds "9"]
[EventCountry "HUN"]
[EventCategory "2"]
[SourceTitle "CBM 198 Extra"]
[Source "ChessBase"]
[SourceDate "2020.11.30"]
[SourceVersion "1"]
[SourceVersionDate "2020.11.30"]
[SourceQuality "1"]

1. Nf3 c5 2. c4 b6 3. g3 Bb7 4. Bg2 g6 5. d4 cxd4 6. Qxd4 Nf6 7. Nc3 Bg7 8. 0-0 0-0 9. Qh4 h5 10. Bg5 d6 11. Rac1 Nbd7 12. Rfd1 Rc8 13. Bh3 Bxf3 14. exf3 Ne5 15. Bg2 Rxc4 16. f4 Ned7 17. Nb5 Qc8 18. Nc3 Re8 19. Bf1 Rc5 20. Bg2 d5 21. f5 e6 22. fxg6 fxg6 23. Re1 Kh7 24. Bf3 Rc4 25. Qh3 d4 26. Nb5 Ne5 27. Nxd4 Nd3 28. Rxc4 Qxc4 29. Bxf6 Bxf6 30. Be4 Kg7 31. Bxd3 Qxd4 32. Bf1 Qxb2 33. Re2 Qd4 34. Rxe6 Rf8 35. Re2 Qc5 36. Qe6 Rf7 37. Kg2 Bd4 38. f4 Bf6 39. Rd2 Re7 40. Rd7 Rxd7 41. Qxd7+ Kh6 42. Qe6 Qd4 43. Qc4 Qd2+ 44. Be2 b5 45. Qe6 Qb2 46. Kh3 b4 1/2-1/2

[Event "Balatonlelle Benko Memorial IM"]
[Site "Balatonlelle"]
[Date "2020.09.06"]
[Round "8"]
[White "Mouhamad, Joachin"]
[Black "Issa, Rafat"]
[Result "0-1"]
[WhiteElo "2272"]
[BlackElo "2363"]
[PlyCount "78"]
[EventDate "2020.08.31"]
[EventType "tourn"]
[EventRounds "9"]
[EventCountry "HUN"]
[EventCategory "2"]
[SourceTitle "CBM 198 Extra"]
[Source "ChessBase"]
[SourceDate "2020.11.30"]
[SourceVersion "1"]
[SourceVersionDate "2020.11.30"]
[SourceQuality "1"]

1. e4 d6 2. d4 Nf6 3. Nc3 g6 4. Nf3 Bg7 5. Be2 0-0 6. 0-0 Nc6 7. d5 Nb8 8. Bg5 h6 9. Be3 c5 10. h3 Na6 11. Qd2 Kh7 12. Bf4 Nc7 13. a4 Nd7 14. Rfe1 b6 15. Bf1 Bb7 16. Rad1 Ne5 17. Nh2 e6 18. Bg3 exd5 19. exd5 f5 20. Nb5 Ne8 21. c3 a6 22. Na3 Nf6 23. Bh4 g5 24. f4 Ng6 25. fxg5 Ne4 26. Rxe4 fxe4 27. gxh6 Qxh4 28. hxg7 Rf5 29. Nc4 Rxd5 30. Qc2 Rxd1 31. Qxd1 d5 32. Nd6 Bc6 33. Ng4 Qg5 34. a5 Qf4 35. Bc4 Qxd6 36. Bxd5 Bxd5 37. Qd2 e3 38. Qxe3 Qf4 39. Qd3 Re8 0-1

[Event "Balatonlelle Benko Memorial IM"]
[Site "Balatonlelle"]
[Date "2020.09.03"]
[Round "4"]
[White "Issa, Rafat"]
[Black "Kahn, Evarth"]
[Result "1-0"]
[WhiteElo "2363"]
[BlackElo "2179"]
[PlyCount "65"]
[EventDate "2020.08.31"]
[EventType "tourn"]
[EventRounds "9"]
[EventCountry "HUN"]
[EventCategory "2"]
[SourceTitle "CBM 198 Extra"]
[Source "ChessBase"]
[SourceDate "2020.11.30"]
[SourceVersion "1"]
[SourceVersionDate "2020.11.30"]
[SourceQuality "1"]

1. Nf3 g6 2. d4 Bg7 3. c4 Nf6 4. Nc3 d6 5. Bg5 0-0 6. e3 Nbd7 7. Be2 e5 8. 0-0 h6 9. Bh4 g5 10. Bg3 Nh7 11. dxe5 dxe5 12. e4 h5 13. h3 h4 14. Bh2 Re8 15. Qd2 c6 16. Rfd1 Qe7 17. a3 a5 18. Na4 f6 19. Ne1 Nc5 20. Nxc5 Qxc5 21. Bh5 Rf8 22. Rac1 Be6 23. Nd3 Qe7 24. Qe3 Rfd8 25. Nc5 Nf8 26. Nxe6 Nxe6 27. g3 hxg3 28. Bxg3 Rxd1+ 29. Rxd1 Rd8 30. Rxd8+ Qxd8 31. Qa7 Qc7 32. Bg4 Nd4 33. Qxd4 1-0

[Event "Online Olym Div2 C"]
[Site "Chess.com INT"]
[Date "2020.08.14"]
[Round "3.1"]
[White "Georgiev, Kiril"]
[Black "Issa, Rafat"]
[Result "1-0"]
[WhiteElo "2587"]
[BlackElo "2358"]
[PlyCount "57"]
[EventDate "2020.08.14"]
[EventType "team-tourn (rapid)"]
[EventRounds "9"]
[EventCountry "USA"]
[SourceTitle "CBM 198"]
[Source "ChessBase"]
[SourceDate "2020.10.31"]
[SourceVersion "1"]
[SourceVersionDate "2020.10.31"]
[SourceQuality "1"]
[WhiteTeam "Macedonia"]
[BlackTeam "Jordan"]
[WhiteTeamCountry "MKD"]
[BlackTeamCountry "JOR"]

1. c4 e5 2. Nc3 Nc6 3. g3 Nf6 4. Bg2 Bb4 5. Nd5 0-0 6. a3 Bd6 7. e3 Nxd5 8. cxd5 Ne7 9. Ne2 c6 10. Nc3 f5 11. 0-0 e4 12. d3 exd3 13. Qxd3 Be5 14. d6 Ng6 15. f4 Bf6 16. e4 Bxc3 17. bxc3 fxe4 18. Bxe4 Rf6 19. c4 Nf8 20. Be3 b6 21. f5 Rf7 22. Bd4 Ba6 23. a4 Rb8 24. Rf4 c5 25. Bc3 Bb7 26. Bxb7 Rxb7 27. Qd5 Qa8 28. Rg4 g6 29. Qe5 1-0